00439nam a22001577a 4500010002700000020001100027035001400038035001400052037001300066082000800079100001400087245004600101260005400147270006000201300002000261 aENG-119575 ENG-137024 c340.00 aEN-103107 aEN-120556 bDBAD/PUB a428 aDas, Paul aEasy english through Tamil /cby Paul Das aThiruvananthapurambAddone Publishing Groupc2013 aNear Mathrubhumi Buildings bThiruvananthapurame695035 a455p.c24cm(Hb)